000 01124nam a2200265Ia 4500
003 OSt
005 20221005105635.0
006 a|||||r|||| 00| 0
007 ta
008 221004b |||||||| |||| 00| 0 hin d
020 _a9788181437044 (hbk)
_c395
024 _a16374
037 _bCBS/247, 28/01/2015, Classic Book Service
_cTextual
040 _aCRL
_cCRL
_bhin
041 _2hin
_ahin
082 _aS:55, 152P8
100 _aजॉन, मैरी ई., संपा.
245 0 _aकामसूत्र से ‘कामसुत्र’ तकः आधुनिक भारत में सेक्शुअलिटी के सरोकार
246 _aKāmasūtra se ‘kāmasutra’ takah ādhunik bhārat mean sekshualiṭī ke sarokāra
260 _aनई दिल्ली
_bवाणी प्रकाशन भारत
_c2008
300 _a280पृ0
_ccm.
650 _aमनोविज्ञान
942 _hS:55, 152P8
_cTEXL
_2cc
999 _c1016435
_d1016435